The Flash Franchise - Statistics

General Stats
  • This quiz has been taken 19 times
  • The average score is 11 of 21
Answer Stats
Type Year Name Info % Correct
Comic Series 1959-1985 The Flash DC Comics
100%
TV Show 1990-1991 The Flash CBS
100%
Video Game 1991 The Flash THQ
100%
Video Game 1993 The Flash Sega / THQ
100%
TV Show 2014-Present The Flash The CW
100%
Comic Series 1987-2009 The Flash Vol. 2 DC Comics
100%
Comic Series 2010-2011 The Flash Vol. 3 DC Comics
100%
Comic Series 2011-2016 The Flash Vol. 4 DC Comics
100%
Comic Series 2016-Present The Flash Vol. 5 DC Comics
100%
Comic Mini-Series 1999-2000 Flashpoint DC Comics
23%
Film 1991 The Flash II: Revenge of the Trickster Warner Bros.
23%
Comic Series 2006-2007 The Flash: The Fastest Man Alive DC Comics
23%
Magazine Series 1941-1948 All-Flash DC Comics
15%
Comic One-Shot 2007 All Flash DC Comics
15%
Film 1992 Flash III: Deadly Nightshade Warner Bros.
15%
Comic Mini-Series 2010-2011 The Flash: Rebirth DC Comics
15%
Comic Series 1940-1949 Flash Comics All-American Publications / DC Comics
8%
Video Game 2006 Justice League Heroes: The Flash Warner Bros. Games / Eidos Interactive
8%
Film 2018 Lego DC Comics Super Heroes: The Flash Warner Bros.
8%
Novel 2004 The Flash: Stop Motion Mark Schultz
8%
Theme Park Attraction 2001-Present The Flash: Vertical Velocity Six Flags Discovery Kingdom
8%
No matching quizzes found
Score Distribution
Percent of People with Each Score
Percentile by Number Answered
Your Score History
You have not taken this quiz